Το Οικουμενικό Πατριαρχείο και ο αλύτρωτος ελληνισμός : μετά το συνέδριο του Βερολίνου (1878)

Αποθηκεύτηκε σε:
Λεπτομέρειες βιβλιογραφικής εγγραφής
Κύριος συγγραφέας: Καρδαράς, Χρήστος Δ.
Μορφή: Βιβλίο
Γλώσσα:Greek
Δημοσίευση: Αθήνα : Επικαιρότητα, 1996.
Σειρά:Ιστορία (Επικαιρότητα) 2
Θέματα:
Ετικέτες: Προσθήκη ετικέτας
Δεν υπάρχουν, Καταχωρήστε ετικέτα πρώτοι!

MARC

LEADER 00000cam a2200000 i 4500
001 1/91642
008 991027s1996 gr | ||| |||| ||gre||
020 |a 9602053291 
035 |l 10053694 
040 |a GR-MyUa  |b gre  |e AACR2 
041 0 |a gre 
082 7 |a 938.412   |2 (22) 
100 1 |a Καρδαράς, Χρήστος Δ. 
245 1 3 |a Το Οικουμενικό Πατριαρχείο και ο αλύτρωτος ελληνισμός :   |b μετά το συνέδριο του Βερολίνου (1878) /   |c Χρήστος Δ. Καρδάρας. 
260 |a Αθήνα :   |b Επικαιρότητα,   |c 1996. 
300 |a 421 σ. ;   |c 17 εκ. 
490 1 |a (Ιστορία / Επικαιρότητα ;   |v 2) 
610 1 0 |a Constantinople (Ecumenical patriarchate)  |x History  |y 19th century. 
650 0 |a Christianity and politics  |x Orthodox Eastern Church  |x History  |y 19th century. 
830 0 |a Ιστορία (Επικαιρότητα)  |v 2 
852 |a INST  |b LESVOS  |e 19991027  |h 938.412 ΚΑΡ  |p 005100019111  |q 005100019111  |t BK  |y 0 
901 |a BIBL1-1999-3 
970 |a ΤΖΑΦΕΡΗ  |b ΕΥΑΓΓΕΛΙΑ  |z 1999/10/26